PL - Quiz o Grach XXI w. cz.1 - Statystyki

Ogólne statystyki
  • Ten quiz został rozwiązany 2 081 razy
  • Średni wynik to 10 z 30
Statystyki odpowiedzi
Opis gry Poprawny tytuł gry % Poprawnych
Najlepsza, polska gra roku 2015. Gra ta ma 2 główne rozszerzenia. Wiedźmin 3
87%
Seria gier, w której wcielamy się w przedstawicieli tajemniczego bractwa zabójców. Pierwotnie jednak gra toczy się w teraźniejszości, a większość wydarzeń w grze to wspomnienia ludzi pozyskane z tak zwanej "pamięci genetycznej". Assassin's Creed
70%
Najlepsza, druga część gry o mafii. Mafia II
70%
Seria gier, których tytuł to nazwa przestępstwa zapisana w amerykańskim prawie dotycząca kradzieży samochodu. Grand Theft Auto
69%
Gra o kozie (xD) Goat Simulator
67%
Konkurent najpopularniejszej gry sportowej stworzonej przez EA. Pro Evolution Soccer
61%
Gra o budowaniu więzienia i dbaniu o potrzeby oraz resocjalizację więźniów. Prison Architect
52%
Seria gier wydawana jedynie na konsole Playstation. Gra przygodowa opowiadająca o przygodach komputerowego odpowiednika Indiany Jonesa. Powstały 4 części tej gry. Uncharted
51%
Gra o tworzeniu życia i jego ewolucji do najinteligentniejszej formy kosmicznej. Istniała kiedyś gra mobilna na podstawie pierwszej fazy stwora z owej gry, wydana przez tych samych twórców. SPORE
45%
Pierwsza odsłona serii o budowaniu zamku w czasach wypraw krzyżowych organizowanych na przełomie XI i XII wieku. Twierdza Krzyżowiec
43%
Pierwsza odsłona gry na podstawie kreskówki dla dorosłych, opowiada przygodę stworzonego przez nas dzieciaka z grupką innych dzieciaków w małym amerykańskim miasteczku. South Park: Kijek Prawdy
41%
Gra o przemierzaniu kosmosu wydana w 2016 roku, która miała być rewolucyjna pod kątem wielkości świata gry, lecz jak się okazało gra była prawie nie grywalna ze względu na jej ubogą zawartość. Po ponad 2 latach prac gra otrzymała nowe życie w postaci aktualizacji nazwanej "Next". No Man's Sky
40%
Gra o średniowieczu stworzona przez tureckie studio. Obecnie czekamy na jej drugą odsłonę o podtytule "Bannerlord". Mount & Blade
39%
Gra sieciowa, w której gramy jako obrońcy lub atakujący. Zadaniem graczy jest rozbroić bombę, odeskortować zakładnika w przypadku atakujących lub zabić całą drużynę przeciwną w przypadku atakujący jak i broniących. Gracze mają do wyboru wielu operatorów, a każdy z nich ma indywidualne bronie, umiejętności i życiorys. Każdy z postaci jest z jakiejś specjalnej jednostki wojskowej np. GROMu, czy GIGInu. Rainbow Six: Siege
34%
Gra sieciowa, w której wcielamy się w jednego z bohaterów razem z innymi graczami, próbując przeżyć i dotrzeć do punktu ewakuacji, lecz w trakcie atakować ich będą zombie i postacie-zombie innych graczy, którzy próbują zabić ocalałych zanim dotrą do punktu ewakuacji. Left 4 Dead 2
31%
Gra uważana przez wielu fanów serii za najlepszą część w historii. FPS opowiadający historię współczesnego konfliktu zbrojnego, w którym wcielamy się w żołnierza S.A.S. oraz żołnierza amerykańskich Marines. Pierwsza część z trylogii. Call of Duty Modern Warfare
28%
Gra ekonomiczna/city builder, stworzona przez niemieckie studio Bluebyte. Najnowsza według daty podanej w tytule gry (z naszej perspektywy jest to przyszłość), a sama data w każdej grze z serii po zsumowaniu cyfr daje wynik równy 9. Anno 2205
26%
Druga odsłona gry o tworzeniu własnego zoo, wydana pierwotnie przez Ubisoft. Zoo Tycoon 2
26%
Bardzo rozbudowany symulator, w którym zarządzamy programem kosmicznym i wysyłamy w kosmos poczciwe ludziki, których imiona zawsze zaczynają się na "K". Kerbal Space Program
22%
Trzecia część serii gier akcji/FPS o osobach przebywających nielegalnie na terenach Zony (okolice Czarnobyla). Stalker: Zew Prypeci
22%
Strategia czasu rzeczywistego, w której sterujemy między innymi wojskami aliantów w czasie inwazji na Normandię. W drugiej części gry śledzimy historię wojny na froncie wschodnim z punktu widzenia skazanego na Sybir przez NKWD żołnierza armii radzieckiej. Kompania Braci
18%
Gra od twórców Hearts of Iron, w której tworzymy własną kosmiczną rasę (lub wybieramy jedną z już gotowych) i zaczynając od planety macierzystej kolonizujemy, a później walczymy z wrogami i zagrożeniami czyhającymi w galaktyce stopniowo zwiększając poziom technologiczny swojej rasy. Stellaris
18%
Poboczna odsłona serii gier FPS, stworzonej przez Ubisoft, która wizualnie, dźwiękowo i fabularnie nawiązuje do kultowych lat 80'. Robotyczne dinozaury strzelające laserami z oczu! Far Cry 3: Blood Dragon
17%
Polska gra z fotorealistyczną oprawą graficzną. Gra opowiada o przeżyciach postaci z książki napisanej przez chłopca, który jest osobą z tytułu gry. Zaginięcie Ethana Cartera
16%
Gra horror/thriller, w której wcielamy się w ... kogoś ... i odkrywamy tajemnicę tragicznych wydarzeń w Przełęczy Diatłowa. Gra polskiego studia IMGN.pro. Kholat
14%
Gra wyścigowa, w której celem jest zdobyć najwyższy poziom prawa jazdy, a podczas wyścigów można kasować/eliminować swoich rywali spychając ich z drogi, czy nadziewając ich auta na przerwy w barierkach na autostradzie. Akcja gry dzieje się w tytułowym mieście z piosenki Guns N' Roses. Burnout Paradise
12%
Gra sieciowa FPS, w dystrybucji free to play. Gra, w której uczestniczymy jako żołnierz jednej z 3 frakcji w wielkim konflikcie na mapach wielkości kontynentów. Gra ma zaledwie kilka serwerów w tym 2 w Europie, na których gracze ścierają się w gigantycznych bitwach o kontynenty. Planetside 2
8%
Druga część gry o tematyce post apokaliptycznej stworzona przez ludzi, którzy stworzyli pierwsze gry z serii Fallout. Wasteland 2
8%
Gra przygodowa/fantastyczna wykorzystująca specyficzny system stawiania figurek postaci na specjalnej podstawce z czytnikiem, aby grać danym bohaterem zakupionym oddzielnie lub otrzymanym w podstawowej wersji gry. Skylanders
5%
Gra niemieckiego studia Bytro Labs, strategiczna (przeglądarkowa), również we f2p na steamie, w której gramy na mapach multiplayer wybierając jedno z grywalnych państw świata (zależnie od typu mapy) i zarządzamy nim w konflikcie zbrojnym w czasie rzeczywistym, (więc w teorii jest to RTS). Call of War
4%
Nie znaleziono quizów pasujących do podanych kryteriów
Rozkład punktacji
Procent ludzi z każdym wynikiem
Percentyl według liczby udzielonych odpowiedzi
Twoja historia wyników
Nie rozwiązałeś tego quizu